| 000 | 00639nam a2200133Ia 4500 | ||
|---|---|---|---|
| 008 | 171212s9999 xx 000 0 und d | ||
| 100 | _aSaleh-Hanna, Viviane | ||
| 245 |
_cSaleh-Hanna, Viviane _aColonial Systems of Control _bCriminal Justice in Nigeria |
||
| 260 |
_bUniversity of Ottawa Press _c2008 |
||
| 440 | _aAlternative Perspectives in Criminology | ||
| 650 | _aCriminal justice, Administration of -- Nigeria; Imprisonment -- Nigeria; Prisoners -- Civil rights -- Nigeria; Prisoners -- Nigeria -- Biography; Alternatives to imprisonment -- Nigeria; Imperialism | ||
| 650 | _aHistory | ||
| 856 | _uhttp://jstor.org/stable/j.ctt1ckph37 | ||
| 999 |
_c353011 _d353011 |
||